Countries of Europe by Size - Statistics

General Stats
  • This quiz has been taken 55 times
  • The average score is 25 of 45
Answer Stats
Percentage % Country % Correct
39.5% Russia
100%
5.4% France
93%
5% Spain
93%
6% Ukraine
93%
4.4% Sweden
91%
3.4% Finland
86%
3.6% Germany
86%
3.2% Norway
86%
3.1% Poland
84%
3% Italy
82%
2.1% Belarus
73%
2.4% United Kingdom
70%
1.3% Greece
68%
2.4% Romania
68%
0.0001% Monaco
61%
0.0001% Vatican City
61%
0.005% Andorra
59%
1.1% Bulgaria
59%
0.002% Liechtenstein
59%
0.001% San Marino
59%
0.9% Hungary
57%
0.03% Luxembourg
57%
0.003% Malta
55%
0.8% Austria
52%
1% Iceland
50%
0.9% Portugal
48%
0.8% Czech Republic
43%
0.7% Ireland
43%
0.1% Kosovo
41%
0.6% Latvia
41%
0.7% Lithuania
39%
0.1% Montenegro
39%
0.8% Serbia
39%
0.6% Croatia
36%
0.4% Denmark
36%
0.5% Estonia
36%
0.3% Albania
34%
0.5% Bosnia and Herzegovina
34%
0.3% North Macedonia
34%
0.2% Slovenia
34%
0.4% Netherlands
30%
0.5% Slovakia
30%
0.3% Belgium
27%
0.4% Switzerland
25%
0.3% Moldova
23%
No matching quizzes found
Score Distribution
Percent of People with Each Score
Percentile by Number Answered
Your Score History
You have not taken this quiz